Mäkihypyn maailmancupin paikkakunnat 2000-luvulla - Statistics

Yleistilastot
  • Tätä visaa on pelattu 23 kertaa
  • Keskiarvotulos 15 / 45
Vastaustilastot
Maa Viimeisin kausi Sukupuoli Vastaus % Oikein
Suomi 2025-2026 M+N Lahti
95%
Norja 2025-2026 M+N Oslo
95%
Suomi 2015-2016 Miehet Kuopio
85%
Suomi 2025-2026 Miehet Ruka
85%
Japani 2025-2026 M+N Sapporo
85%
Ruotsi 2025-2026 M+N Falun
75%
Itävalta 2025-2026 Miehet Innsbruck
75%
Norja 2023-2024 M+N Trondheim
75%
Norja 2025-2026 M+N Lillehammer
70%
Kanada 2008-2009 Miehet Whistler
65%
Saksa 2025-2026 M+N Garmisch-Partenkirchen
55%
Saksa 2025-2026 M+N Oberstdorf
55%
Saksa 2021-2022 Naiset Oberhof
45%
Slovenia 2025-2026 M+N Planica
45%
Itävalta 2025-2026 Miehet Kulm
40%
Venäjä 2012-2013 M+N Sotshi
40%
Norja 2025-2026 M+N Vikersund
40%
Puola 2025-2026 Miehet Zakopane
40%
USA 2024-2025 M+N Lake Placid
35%
Tshekki 2007-2008 Miehet Liberec
35%
Saksa 2024-2025 Miehet Titisee-Neustadt
30%
Puola 2025-2026 M+N Wisla
30%
Etelä-Korea 2016-2017 M+N Pyeongchang
25%
Japani 2003-2004 Miehet Hakuba
20%
Tshekki 2012-2013 Miehet Harrachov
20%
Kazakstan 2015-2016 M+N Almaty
15%
Itävalta 2025-2026 Miehet Bischofshofen
15%
Sveitsi 2025-2026 M+N Engelberg
15%
Itävalta 2021-2022 Naiset Ramsau
15%
Saksa 2025-2026 M+N Willingen
15%
Saksa 2025-2026 M+N Klingenthal
10%
Romania 2022-2023 M+N Rasnov
10%
Italia 2019-2020 Miehet Val di Fiemme (Predazzo)
10%
Kiina 2025-2026 Naiset Zhangjiakou
10%
Puola 2023-2024 Miehet Szczyrk
5%
Itävalta 2025-2026 Naiset Villach
5%
Japani 2025-2026 Naiset Zao
5%
Saksa 2022-2023 Naiset Hinterzarten
0%
Itävalta 2025-2026 Naiset Hinzenbach
0%
Slovenia 2025-2026 Naiset Ljubno
0%
Venäjä 2021-2022 Miehet Nizhny Tagil
0%
USA 2003-2004 Miehet Park City
0%
Italia 2008-2009 Miehet Pragelato
0%
Ranska 2018-2019 Naiset Premanon
0%
Venäjä 2020-2021 Naiset Tsaikovski
0%
Ehtoja vastaavia visoja ei löytynyt
Tulosjakauma
Jokaisen tuloksen saaneiden osuus
Persentiili vastausten määrän mukaan
Tuloshistoriasi
Et ole pelannut tätä visaa